Database system concepts (Record no. 489)

000 -LEADER
fixed length control field 00571nam a22002297a 4500
001 - CONTROL NUMBER
control field 489
003 - CONTROL NUMBER IDENTIFIER
control field BD-DhUET
008 - FIXED-LENGTH DATA ELEMENTS--GENERAL INFORMATION
fixed length control field 140722b xxu||||| |||| 00| 0 eng d
020 ## - INTERNATIONAL STANDARD BOOK NUMBER
International Standard Book Number 007124476X
040 ## - CATALOGING SOURCE
Transcribing agency 0
Modifying agency BD-DhUET
082 ## - DEWEY DECIMAL CLASSIFICATION NUMBER
Classification number 005.74
Item number SIL/2006
100 ## - MAIN ENTRY--PERSONAL NAME
Personal name Silberschatz, Abraham
245 ## - TITLE STATEMENT
Title Database system concepts
250 ## - EDITION STATEMENT
Edition statement 5th ed.
260 ## - PUBLICATION, DISTRIBUTION, ETC. (IMPRINT)
Place of publication, distribution, etc. Boston
Name of publisher, distributor, etc. McGraw-Hill
Date of publication, distribution, etc. 2006
300 ## - PHYSICAL DESCRIPTION
Extent xxvi,1142p.
Other physical details ill.
504 ## - BIBLIOGRAPHY, ETC. NOTE
Bibliography, etc Includes bibliographies
650 #0 - SUBJECT ADDED ENTRY--TOPICAL TERM
Topical term or geographic name as entry element Database management
700 ## - ADDED ENTRY--PERSONAL NAME
Personal name Korth, Henry F.
700 ## - ADDED ENTRY--PERSONAL NAME
Personal name Sudarshan, S.
942 ## - ADDED ENTRY ELEMENTS (KOHA)
Koha item type General Book
Holdings
Source of classification or shelving scheme Lost status Shelving location Location (home branch) Koha item type Koha full call number Koha issues (times borrowed) Koha normalized classification for sorting Koha renewals Koha date last borrowed Price effective from Damaged status Date acquired Withdrawn status Koha date last seen Not for loan Copy number Piece designation (barcode) Sublocation or collection (holding branch)
  Circulation sectionCentral Library, BUETGeneral Book007.74/SIL/2006 007_000000000000000_74SIL2006  2014-07-22 2014-07-22 2014-07-22 1103320Central Library, BUET
  Circulation sectionCentral Library, BUETGeneral Book007.74/SIL/2006 007_000000000000000_74SIL20062 2014-07-22 2014-07-22 2016-12-24 2103321Central Library, BUET
  Circulation sectionCentral Library, BUETGeneral Book005.74 SIL/2006 005_740000000000000_SIL2006  2014-08-25 2014-08-25 2014-08-25 3103322Central Library, BUET
  Circulation sectionCentral Library, BUETGeneral Book005.74/SIL/20061005_000000000000000_74SIL2006 2021-12-042014-08-25 2014-08-25 2021-12-18 4103323Central Library, BUET
  Circulation sectionCentral Library, BUETGeneral Book005.74/SIL/2006 005_000000000000000_74SIL2006  2014-08-25 2014-08-25 2014-08-25 5103324Central Library, BUET
  Circulation sectionCentral Library, BUETGeneral Book005.74/SIL/2006 005_740000000000000_SIL_2006  2014-08-25 2014-08-25 2014-08-25 6103325Central Library, BUET
  Circulation sectionCentral Library, BUETGeneral Book005.74/SIL/20061005_740000000000000_SIL_2006 2017-07-012014-08-25 2014-08-25 2017-07-16 7103326Central Library, BUET
  Circulation sectionCentral Library, BUETGeneral Book005.74/SIL/2006 005_000000000000000_74SIL2006  2014-08-25 2014-08-25 2014-08-25 8103327Central Library, BUET
  Circulation sectionCentral Library, BUETGeneral Book005.74/SIL/2006 005_000000000000000_74SIL2006  2014-08-25 2014-08-25 2014-08-25 9103328Central Library, BUET
  Circulation sectionCentral Library, BUETGeneral Book005.74/SIL/2006 005_000000000000000_74SIL2006  2014-08-25 2014-08-25 2014-08-25 10103329Central Library, BUET
  Reading sectionCentral Library, BUETReading Item005.74/SIL/2006 005_740000000000000_SIL_2006  2015-06-09 2015-06-09 2015-06-09 11102172Central Library, BUET
  Reading sectionCentral Library, BUETReading Item005.74/SIL/2006 005_740000000000000_SIL_2006  2015-06-09 2015-06-09 2015-06-09 12102554Central Library, BUET